| 000 | 00632nam a2200181Ia 4500 | ||
|---|---|---|---|
| 008 | 090630s9999 xx 000 0 und d | ||
| 082 | _b23869 | ||
| 100 | _aजोशी एस्र. एम्र. | ||
| 245 |
_aमी एस्र. एम्र. _cजोशी एस्र. एम्र. |
||
| 260 |
_bकॉन्टीनेंटल. _c1984 |
||
| 300 | _a437 | ||
| 600 | _aजोशी एस्र. एम्र. | ||
| 630 | _aमी एस्र. एम्र. | ||
| 655 | _aचरित्र. | ||
| 700 | _aजोशी एस्र. एम्र. | ||
| 730 | _aमी एस्र. एम्र. | ||
| 942 | _cBOOK | ||
| 999 |
_c275725 _d275725 |
||